| 000 | 00798nam a2200241 i 4500 | ||
|---|---|---|---|
| 001 | 18633 | ||
| 003 | ES-MaACL | ||
| 005 | 20250815113040.0 | ||
| 007 | t| | ||
| 008 | 011031s2000 sp ||||1| spa d | ||
| 020 | _a84-282-1172-8 | ||
| 080 | _a547(075.8) | ||
| 100 | 1 |
_aVollhardt, K. Peter C. _9115708 |
|
| 245 | 1 | 0 |
_aQuímica orgánica _b: estructura y función / _cK. Peter C. Vollhardt, Neil E. Schore ; traducción y coordinación David Andreu Martínez. |
| 250 | _a3ª ed. | ||
| 260 |
_aBarcelona : _bOmega, _c2000. |
||
| 300 |
_a1 v. (pag. var.) : _bil. col. graf. ; _c26 cm. |
||
| 650 | 7 |
_aQuímica orgánica _2embne _9136799 |
|
| 700 | 1 |
_aSchore, Neil N. _9104663 |
|
| 700 | 1 |
_aAndreu Martínez, David. _921644 |
|
| 852 |
_aES-MaACL _jL-25199 _bR.130457 |
||
| 999 |
_c18633 _d18633 |
||